[Event "BI-2012-P-00003"]
[Site "LSS email"]
[Date "2012.04.20"]
[Round "?"]
[White "Frijling, Jeroen"]
[Black "Petrov, Ivan Valerievich"]
[Result "1-0"]
[WhiteElo "2116"]
[BlackElo "1222"]
[PlyCount "39"]
[EventDate "2012.04.22"]
[EventType "tourn (corr)"]
[EventRounds "10"]
[EventCountry "GER"]
[SourceTitle "Telechess CBM 165"]
[Source "ChessBase"]
[SourceDate "2015.03.11"]
[SourceVersion "1"]
[SourceVersionDate "2015.03.11"]
[SourceQuality "1"]

1. e4 e5 2. Nf3 Nc6 3. d4 exd4 4. Nxd4 Nf6 5. Nxc6 bxc6 6. e5 Qe7 7. Qe2 Nd5 8. c4 Ba6 9. b3 0-0-0 10. g3 g5 11. Bb2 Bg7 12. Nd2 Nb4 13. Nf3 Rhe8 14. Bh3 h5 15. a3 Nd5 16. Qd2 g4 17. Qa5 Kb7 18. cxd5 gxf3 19. 0-0-0 Bxe5 20. dxc6+ 1-0

[Event "BI-2012-P-00003"]
[Site "LSS email"]
[Date "2012.04.20"]
[Round "?"]
[White "Petrov, Ivan Valerievich"]
[Black "Hughes, Chris"]
[Result "0-1"]
[WhiteElo "1222"]
[BlackElo "810"]
[PlyCount "45"]
[EventDate "2012.04.22"]
[EventType "tourn (corr)"]
[EventRounds "10"]
[EventCountry "GER"]
[SourceTitle "Telechess CBM 165"]
[Source "ChessBase"]
[SourceDate "2015.03.11"]
[SourceVersion "1"]
[SourceVersionDate "2015.03.11"]
[SourceQuality "1"]

1. f4 d5 2. Nf3 Nf6 3. e3 g6 4. Be2 Bg7 5. 0-0 0-0 6. d3 c5 7. d4 b6 8. c3 Nc6 9. Qe1 Bf5 10. Ne5 Nxe5 11. fxe5 Ne4 12. g4 Be6 13. Nd2 Nxd2 14. Bxd2 c4 15. Qg3 f6 16. exf6 Bxf6 17. Bf3 Bg5 18. Qe5 Bxe3+ 19. Bxe3 Qd7 20. Bh6 Rf7 21. Rae1 Rf6 22. Bg5 Rf7 23. Qxe6 0-1

[Event "BI-2012-P-00003"]
[Site "LSS email"]
[Date "2012.04.20"]
[Round "?"]
[White "Pilarska, Lucyna"]
[Black "Petrov, Ivan Valerievich"]
[Result "1-0"]
[WhiteElo "2383"]
[BlackElo "1222"]
[PlyCount "39"]
[EventDate "2012.04.22"]
[EventType "tourn (corr)"]
[EventRounds "10"]
[EventCountry "GER"]
[SourceTitle "Telechess CBM 165"]
[Source "ChessBase"]
[SourceDate "2015.03.11"]
[SourceVersion "1"]
[SourceVersionDate "2015.03.11"]
[SourceQuality "1"]

1. e4 e5 2. Nf3 Nc6 3. Bb5 a6 4. Bxc6 dxc6 5. 0-0 Qd6 6. Na3 Be6 7. Qe2 f6 8. Rd1 0-0-0 9. d4 Bg4 10. c3 Qe6 11. Nc2 Bd6 12. Ne3 h5 13. dxe5 Bxf3 14. Qxf3 Qxe5 15. h3 Qh2+ 16. Kf1 Ne7 17. Nc4 Kb8 18. Nxd6 Ng6 19. Be3 Rxd6 20. Ke2 1-0

[Event "BI-2012-P-00003"]
[Site "LSS email"]
[Date "2012.04.20"]
[Round "?"]
[White "Pott, Brian"]
[Black "Petrov, Ivan Valerievich"]
[Result "1-0"]
[WhiteElo "1820"]
[BlackElo "1222"]
[PlyCount "41"]
[EventDate "2012.04.22"]
[EventType "tourn (corr)"]
[EventRounds "10"]
[EventCountry "GER"]
[SourceTitle "Telechess CBM 165"]
[Source "ChessBase"]
[SourceDate "2015.03.11"]
[SourceVersion "1"]
[SourceVersionDate "2015.03.11"]
[SourceQuality "1"]

1. e4 e5 2. Nf3 Nc6 3. Bb5 a6 4. Ba4 Nf6 5. 0-0 b5 6. Bb3 Bb7 7. d3 Be7 8. c3 0-0 9. Re1 d6 10. Nbd2 Na5 11. Bc2 c5 12. Nf1 Re8 13. h3 h6 14. Ng3 Bf8 15. d4 cxd4 16. cxd4 exd4 17. Nxd4 Nc4 18. b3 Ne5 19. a4 bxa4 20. bxa4 Rc8 21. Kh2 1-0

[Event "ZL-2011-0-01040"]
[Site "LSS email"]
[Date "2011.12.13"]
[Round "?"]
[White "Raines, David T"]
[Black "Petrov, Ivan Valerievich"]
[Result "0-1"]
[WhiteElo "1100"]
[BlackElo "1303"]
[PlyCount "72"]
[EventDate "2011.12.06"]
[EventType "match (corr)"]
[EventRounds "2"]
[EventCountry "GER"]
[SourceTitle "Telechess CBM 157"]
[Source "ChessBase"]
[SourceDate "2013.11.12"]
[SourceVersion "1"]
[SourceVersionDate "2013.11.12"]
[SourceQuality "1"]

1. Nf3 d5 2. d4 Nf6 3. c4 c6 4. g3 g6 5. Bg2 Bg7 6. cxd5 cxd5 7. Nc3 Nc6 8. 0-0 0-0 9. Bf4 Ne4 10. Be3 Nxc3 11. bxc3 h6 12. Qd2 Kh7 13. Rab1 b6 14. Rfc1 Na5 15. Qc2 Bf5 16. Qa4 Bxb1 17. Rxb1 Rc8 18. Bd2 Qe8 19. Qd1 Qc6 20. Be1 Nc4 21. e3 e6 22. Bf1 Rc7 23. Qb3 Kg8 24. Nd2 Nd6 25. Nf3 g5 26. h3 Rfc8 27. Ba6 Rd8 28. Be2 f6 29. Nh2 b5 30. Qd1 Rdc8 31. Bg4 f5 32. Be2 a6 33. f4 Ne4 34. Rc1 Qd6 35. Qb3 gxf4 36. exf4 Bxd4+ 0-1

[Event "OP-2011-0-01924"]
[Site "LSS email"]
[Date "2011.12.07"]
[Round "?"]
[White "Jaszczowski, Zdzislaw"]
[Black "Petrov, Ivan Valerievich"]
[Result "0-1"]
[WhiteElo "907"]
[BlackElo "1286"]
[PlyCount "72"]
[EventDate "2011.12.04"]
[EventType "tourn (corr)"]
[EventRounds "4"]
[EventCountry "GER"]
[SourceTitle "Telechess CBM 157"]
[Source "ChessBase"]
[SourceDate "2013.11.12"]
[SourceVersion "1"]
[SourceVersionDate "2013.11.12"]
[SourceQuality "1"]

1. d4 g6 2. e4 Bg7 3. Nf3 d6 4. Bb5+ c6 5. Ba4 Nf6 6. Nbd2 0-0 7. 0-0 b5 8. Bb3 c5 9. dxc5 dxc5 10. c4 a6 11. Qe2 Nc6 12. cxb5 axb5 13. e5 Ng4 14. e6 f5 15. h3 Nge5 16. Rd1 Qd3 17. Qe1 Bb7 18. Nxe5 Nxe5 19. Nf1 Nf3+ 20. gxf3 Qxf3 21. Bd5 Bxd5 22. Rxd5 Qxd5 23. a3 Ra6 24. Bg5 f4 25. h4 Rxe6 26. Qc1 Re2 27. Bxf4 Bxb2 28. Qd1 Qxd1 29. Rxd1 Rxf4 30. Rd8+ Rf8 31. Rxf8+ Kxf8 32. Ng3 Re1+ 33. Kg2 Bxa3 34. h5 c4 35. hxg6 hxg6 36. Kf3 b4 0-1

[Event "SE-2011-0-00095"]
[Site "LSS email"]
[Date "2011.12.07"]
[Round "?"]
[White "Petrov, Ivan Valerievich"]
[Black "Molano Lafuente, Ismael"]
[Result "1-0"]
[WhiteElo "1222"]
[BlackElo "1035"]
[PlyCount "73"]
[EventDate "2011.11.06"]
[EventType "tourn (corr)"]
[EventRounds "6"]
[EventCountry "GER"]
[SourceTitle "Telechess CBM 153"]
[Source "ChessBase"]
[SourceDate "2013.03.14"]
[SourceVersion "1"]
[SourceVersionDate "2013.03.14"]
[SourceQuality "1"]

1. e4 e5 2. Nf3 Nc6 3. Bc4 Be7 4. d4 d6 5. dxe5 dxe5 6. Qxd8+ Bxd8 7. Nc3 Bg4 8. Be3 Nf6 9. h3 Bxf3 10. gxf3 Ne7 11. Na4 c6 12. Nc5 b5 13. Be2 Ng6 14. a4 bxa4 15. Rxa4 Bb6 16. Ra6 0-0 17. Nd3 Rfd8 18. c4 Nd7 19. b4 Nb8 20. Ra2 Nd7 21. c5 Bc7 22. Kd2 a6 23. Rha1 Nb8 24. Kc3 Ra7 25. Nb2 a5 26. bxa5 Na6 27. Bxa6 Rxa6 28. Nd3 Rda8 29. Nb4 Rxa5 30. Rxa5 Rxa5 31. Rd1 Kf8 32. Nxc6 Ra6 33. Nb4 Ba5 34. Kc4 Bxb4 35. Kxb4 Ke7 36. Kb5 Ra2 37. c6 1-0

[Event "CP-2011-P-00039"]
[Site "LSS email"]
[Date "2011.09.30"]
[Round "?"]
[White "Salzmann, Stefan"]
[Black "Petrov, Ivan Valerievich"]
[Result "1-0"]
[WhiteElo "2020"]
[BlackElo "1222"]
[PlyCount "45"]
[EventDate "2011.10.01"]
[EventType "tourn (corr)"]
[EventRounds "6"]
[EventCountry "GER"]
[SourceTitle "Telechess CBM 165"]
[Source "ChessBase"]
[SourceDate "2015.03.11"]
[SourceVersion "1"]
[SourceVersionDate "2015.03.11"]
[SourceQuality "1"]

1. d4 Nf6 2. c4 g6 3. Nc3 Bg7 4. e4 d6 5. Nf3 0-0 6. Be2 e5 7. 0-0 Nc6 8. d5 Ne7 9. b4 Nh5 10. Re1 f5 11. Ng5 Nf6 12. f3 Kh8 13. Rb1 h6 14. Ne6 Bxe6 15. dxe6 fxe4 16. fxe4 Nc6 17. Nd5 Ng8 18. Bd3 Nd4 19. Qg4 g5 20. h4 Nf6 21. Qg3 Nxe4 22. Rxe4 Nf5 23. Qg4 1-0

[Event "OP-2011-0-01764"]
[Site "LSS email"]
[Date "2011.09.07"]
[Round "?"]
[White "Petrov, Ivan Valerievich"]
[Black "Alvar, Juan"]
[Result "1-0"]
[WhiteElo "1236"]
[BlackElo "1127"]
[PlyCount "39"]
[EventDate "2011.09.04"]
[EventType "tourn (corr)"]
[EventRounds "4"]
[EventCountry "GER"]
[SourceTitle "Telechess CBM 149"]
[Source "ChessBase"]
[SourceDate "2012.07.17"]
[SourceVersion "1"]
[SourceVersionDate "2012.07.17"]
[SourceQuality "1"]

1. e4 g6 2. d4 Bg7 3. Nc3 d6 4. Nf3 Nf6 5. Be2 0-0 6. 0-0 Nc6 7. d5 Nb8 8. Re1 c6 9. h3 Nbd7 10. Be3 cxd5 11. exd5 a6 12. a4 b6 13. Nd4 Bb7 14. Nc6 Bxc6 15. dxc6 Nc5 16. Bf3 Rc8 17. a5 b5 18. Bxc5 dxc5 19. Qxd8 Rfxd8 20. Rxe7 1-0

[Event "OP-2011-0-01764"]
[Site "LSS email"]
[Date "2011.09.07"]
[Round "?"]
[White "Petrov, Ivan Valerievich"]
[Black "Horse, Madera"]
[Result "1-0"]
[WhiteElo "1236"]
[BlackElo "1345"]
[PlyCount "51"]
[EventDate "2011.09.04"]
[EventType "tourn (corr)"]
[EventRounds "4"]
[EventCountry "GER"]
[SourceTitle "Telechess CBM 149"]
[Source "ChessBase"]
[SourceDate "2012.07.17"]
[SourceVersion "1"]
[SourceVersionDate "2012.07.17"]
[SourceQuality "1"]

1. e4 c5 2. Nf3 Nc6 3. d4 cxd4 4. Nxd4 Nf6 5. Nc3 e5 6. Ndb5 h6 7. Nd6+ Bxd6 8. Qxd6 Qe7 9. Qxe7+ Kxe7 10. Be3 d6 11. f3 Be6 12. 0-0-0 Rhc8 13. b3 Nb4 14. Kb2 d5 15. exd5 Nbxd5 16. Bd2 Rd8 17. Na4 Rac8 18. Re1 Nd7 19. c4 Nf4 20. Bb4+ Ke8 21. g3 Ng6 22. Rg1 Bf5 23. f4 b5 24. Nc3 bxc4 25. Nb5 Nb6 26. Nd6+ 1-0

[Event "OP-2011-0-01703"]
[Site "LSS email"]
[Date "2011.08.05"]
[Round "?"]
[White "Husemann, Andreas"]
[Black "Petrov, Ivan Valerievich"]
[Result "1/2-1/2"]
[WhiteElo "2084"]
[BlackElo "1236"]
[PlyCount "122"]
[EventDate "2011.08.02"]
[EventType "tourn (corr)"]
[EventRounds "4"]
[EventCountry "GER"]
[SourceTitle "Telechess CBM 149"]
[Source "ChessBase"]
[SourceDate "2012.07.17"]
[SourceVersion "1"]
[SourceVersionDate "2012.07.17"]
[SourceQuality "1"]

1. d4 Nf6 2. c4 c6 3. Nc3 d5 4. Nf3 e6 5. e3 Nbd7 6. Qc2 Bd6 7. Be2 0-0 8. 0-0 dxc4 9. Bxc4 b5 10. Be2 Bb7 11. Rd1 Qc7 12. e4 e5 13. Bg5 exd4 14. Rxd4 Ne5 15. g3 Bc5 16. Rd2 Nfg4 17. Nd1 Bb6 18. Nd4 h6 19. Bf4 Rad8 20. Nf5 h5 21. Rxd8 Rxd8 22. Qc3 Re8 23. Nde3 Nf6 24. f3 Bc8 25. Kh1 g6 26. Nh6+ Kg7 27. a4 a6 28. a5 Ba7 29. Rd1 Qe7 30. Qc1 Nh7 31. b3 f6 32. h4 Bb8 33. Rg1 Rh8 34. Rg2 Nf8 35. g4 hxg4 36. fxg4 Qb4 37. Nef5+ Bxf5 38. gxf5 Qxe4 39. fxg6 Ng4 40. Qxc6 Qxf4 41. Nxg4 Qd4 42. Nf2 Qa1+ 43. Bd1 Rxh4+ 44. Kg1 Qxa5 45. Kf1 Rd4 46. Rg4 Rd7 47. Re4 Be5 48. Rh4 Qd2 49. Be2 Rc7 50. Qf3 Rc8 51. Nd3 Nxg6 52. Rg4 Qh6 53. Qf5 Rc3 54. Bf3 Rc2 55. Be4 Qh3+ 56. Bg2 Qh6 57. Qd7+ Kf8 58. Qd8+ Kg7 59. Qe7+ Kh8 60. Qf7 Rc1+ 61. Ke2 Rc2+ 1/2-1/2

[Event "OP-2011-0-01703"]
[Site "LSS email"]
[Date "2011.08.05"]
[Round "?"]
[White "Petrov, Ivan Valerievich"]
[Black "Kratky, Josef"]
[Result "1-0"]
[WhiteElo "1236"]
[BlackElo "902"]
[PlyCount "37"]
[EventDate "2011.08.02"]
[EventType "tourn (corr)"]
[EventRounds "4"]
[EventCountry "GER"]
[SourceTitle "Telechess CBM 149"]
[Source "ChessBase"]
[SourceDate "2012.07.17"]
[SourceVersion "1"]
[SourceVersionDate "2012.07.17"]
[SourceQuality "1"]

1. e4 c5 2. Nc3 Nc6 3. Nf3 d6 4. d4 cxd4 5. Nxd4 Nf6 6. Bg5 e6 7. Qd2 Be7 8. 0-0-0 Nxd4 9. Qxd4 a6 10. f4 Qc7 11. Be2 Bd7 12. e5 dxe5 13. fxe5 Ng8 14. Be3 Rc8 15. Rhf1 Bc5 16. Qxc5 Qxc5 17. Bxc5 Rxc5 18. Ne4 Rxe5 19. Nd6+ 1-0